| 000 | 00741cam a22002413a 4500 | ||
|---|---|---|---|
| 001 | 28849 | ||
| 003 | PGUSA | ||
| 005 | 20140828083626.0 | ||
| 008 | 090516s2009||||xxu|||||s|||||000 1 eng d | ||
| 040 |
_aPGUSA _beng |
||
| 042 | _adc | ||
| 050 | 4 | _aPZ | |
| 100 | 1 |
_aGoodwin, Harold L. _q(Harold Leland), _d1914-1990 |
|
| 245 | 1 | 0 |
_aSmugglers' Reef : _bA Rick Brant Science-Adventure Story _h[electronic resource] / _cHarold L. Goodwin |
| 260 |
_bProject Gutenberg, _c2009 |
||
| 506 | _aPublic domain in the USA. | ||
| 516 | _aElectronic text | ||
| 653 | _aDetective and mystery stories | ||
| 653 | _aSmugglers -- Juvenile fiction | ||
| 830 | 0 |
_aProject Gutenberg _v28849 |
|
| 856 | 4 | 0 | _uhttp://www.gutenberg.org/ebooks/28849 |
| 942 | _cEB | ||
| 999 |
_c258104 _d258104 |
||